Statistiken für Schwächste Reisepässe der Welt

Klicken Sie hier um das Quiz zu spielen!

Allgemein

  • Dieses Quiz wurde 136 mal gespielt
  • Das Durchschnittsergebnis liegt bei 25 aus 38

Antwortstatistiken

PlatzierungLandZugang% Korrekt
100Nordkorea40
91%
107Afghanistan27
88%
106Irak29
87%
96Iran44
87%
105Syrien30
84%
104Pakistan33
82%
96Sudan44
80%
95Demokratische Republik Kongo45
77%
91Republik Kongo51
77%
103Jemen35
76%
103Somalia35
76%
94Südsudan46
76%
95Nigeria45
74%
96Eritrea44
71%
97Libanon43
71%
88Algerien54
68%
99Libyen41
67%
88Tschad54
67%
88Zentralafrikanische Republik54
65%
88Ägypten54
63%
93Äthiopien47
63%
89Jordanien53
63%
92Dschibuti50
61%
100Bangladesch40
60%
90Angola52
59%
101Nepal39
59%
91Burundi51
58%
90Kamerun52
57%
92Laos50
56%
89Bhutan53
54%
91Liberia51
54%
92Turkmenistan50
53%
93Myanmar47
52%
99Sri Lanka41
51%
98Kosovo42
44%
88Komoren54
41%
91Haiti51
40%
102Palästina38
25%

Verteilung der Resultate

Perzentil nach korrekt beantworteten Fragen

Anzahl Personen mit jedem Resultat

Ihre Resultats-Entwicklung

Sie haben dieses Quiz noch nicht gespielt